000 00961nam a2200277Ia 4500
003 GCL
008 140319s9999 xx 000 0 ara d
020 _a7323305977
040 _aGCL /
_cGCL
082 0 4 _a791.43
_bس ص
100 1 _aسمير فريد
245 1 0 _aصبحى شفيق الناقد الفنان /
_cسمير فريد
250 _aالاولى
260 _aالقاهرة :
_bمطابع المجلس الاعلى للآثار ،
_c2005
260 _aالقاهرة :
_bمطبوعات صندوق التنمية الثقافية ،
_c2005
300 _a241ص ؛
_c21سم
650 0 4 _aالسينما
650 0 4 _aالاخراج السينمائى
650 0 4 _aالمخرجون
650 0 4 _aالسينما المصرية - تاريخ
650 0 4 _aالسينما - تاريخ
650 0 4 _aالنقد الفنى
650 0 4 _aالاخراج السينمائى - تراجم
650 0 4 _aصبحى شفيق
942 _2ddc
_cBK
999 _c7819
_d7819